000 00669nam a2200205Ia 4500
001 15721
003 GE_BSU
008 181216s||||||||xx |||||||||||||| ||und||
040 _cGE_BSU
080 _a821.353.1-31 + 821.353.1-32
100 _aწულეისკირი, ნოდარ
245 _aრომანი და მოთხრობები
245 _cრედ.ნ.ხომერიკი. მხატვ.ა.თოდრია
260 _aთბილისი
260 _bმერანი
260 _c1973.
300 _a483გვ. ; 21სმ
653 _aრომანი და მოთხრობები
942 _cBK
999 _c48819
_d48819